000 01226nam a2200361 i 4500
999 _c3068
_d3068
001 020629029
003 UkOxU
005 20231002084832.0
008 160420s2016 enka 001|0|eng|d
015 _aGBB669451
_2bnb
020 _a9781316600337
_qpaperback
035 _a(Uk)017856513
035 _a(StEdALDL)1/3444720
040 _aStDuBDS
_beng
_erda
_cStDuBDS
_dUkOxU
_dKH8
049 _aCROBAR
082 0 4 _a531 QUA
100 1 _aQuadling, Douglas,
_eauthor.
245 1 0 _aCambridge international AS and A level mathematics.
_pMechanics 2 :
_pCoursebook /
_cDouglas Quadling and Julian Gilbey.
246 3 0 _aMechanics 2.
_pCoursebook
250 _aRevised edition.
264 1 _aCambridge :
_bCambridge University Press,
_c2016.
264 4 _c©2016
300 _avi, 213 pages :
_billustrations ;
_c28 cm
336 _atext
_2rdacontent
337 _aunmediated
_2rdamedia
338 _avolume
_2rdacarrier
500 _a"Endorsed by Cambridge International Examinations"--Cover.
500 _aIncludes index.
650 0 _aMechanics
_vTextbooks.
700 1 _aGilbey, Julian,
_eauthor.
710 2 _aUniversity of Cambridge.
_bLocal Examinations Syndicate.
_bInternational Examinations.
942 _2ddc
_cTR